Exegéza vybraných žalmov

Podrobná bibliografia
Hlavný autor: Nandrásky, Karol, 1927-2016 (Autor)
Médium: Kniha
Jazyk:slovenčina
Fyzický popis:172 s., 17,00 AH, 17,46 VH Lit. 47 zázn. v angl., nem. a slov. 29 cm
Vydavateľské údaje: Bratislava Univerzita Komenského 1993
ISBN:8022305901
Vydanie:1. vyd.
Predmet:

MARC

LEADER 00000nam a2200000 a 4500
001 vtls001070628
003 SK-MaSNL
005 20260301135009.0
008 250414s1993 xo 0 slo
015 |a SNBA1993/03 
020 |a 8022305901 
035 |a SNK000013459 
035 |a urn:nbn:sk:snk-amlmrs 
035 |a urn:nbn:sk:snk-am00byds 
035 |a 1A04A886-954D-43E0-A58E-7764B4A902BA 
040 |a SNK  |b slo  |c SNK  |e AACR2 
041 0 |a slo 
044 |a xo  |c SK 
080 |a 223.2(075.8)  |2 1981 
100 1 |a Nandrásky, Karol,  |d 1927-2016  |4 aut  |9 86643 
245 1 0 |a Exegéza vybraných žalmov  |c Karol Nandrásky 
250 |a 1. vyd. 
260 |a Bratislava  |b Univerzita Komenského  |c 1993  |e Bratislava  |f Polygrafické stredisko UK 
300 |a 172 s., 17,00 AH, 17,46 VH  |b Lit. 47 zázn. v angl., nem. a slov.  |c 29 cm 
366 |e 500 výt. 
500 |a Vysokoškolské skriptá 
650 0 7 |a žalmy  |2 SNKPH  |9 1744 
655 7 |a učebnice vysokých škôl  |2 SNKPH  |9 70191 
852 |a Slovenská národná knižnica 
919 |a 80-223-0590-1 
954 |a žalmy 
958 |a TL 
958 |a NB 
958 |a UV 
958 |a OND 
999 |c 758741  |d 760671 
952 |t P60, <04>, [BOOK], {604}  |a SNK  |b SNK  |y VYP  |7 0  |p 17A0146258  |o snkSB 50643 D1  |0 0  |1 0  |4 0  |d 1998-07-02  |l 0  |r 2004-12-31 00:00:00  |w 2026-02-23 
952 |a SNK  |b SNK  |y PREZ  |7 0  |p 17A0804888  |o snkSB 50643  |0 0  |1 0  |4 0  |d 2012-07-16  |f 1  |l 0  |r 2026-02-23 23:56:39  |w 2026-02-23